000 00253nam a22001217a 4500
008 170929b xxu||||| |||| 00| 0 eng d
041 _aeng
080 _a37
100 _a47
101 _aEDU
245 _aTEACHING POWER
_cHARBIN,C.E
942 _2udc
_cBK
999 _c30645
_d30645